000
00244nam a22000977a 4500
999
_c
11727
_d
11727
008
200113b ||||| |||| 00| 0 eng d
020
_a
0590535986
100
_a
Rathmaan Peggy
_9
7416
245
_a
Good Night Gorilla
260
_a
New York
_b
Scholastic